书目信息 |
| 题名: |
软件安全概论
|
|
| 作者: | 魏强 主编 | |
| 分册: | ||
| 出版信息: | 北京 科学出版社 2024.12 |
|
| 页数: | 10, 258页 | |
| 开本: | 26cm | |
| 丛书名: | 新一代信息技术 (网络空间安全) 高等教育丛书 | |
| 单 册: | ||
| 中图分类: | TP311.522 | |
| 科图分类: | ||
| 主题词: | 软件开发--ruan jian kai fa--安全技术 | |
| 电子资源: | ||
| ISBN: | 978-7-03-080489-1 | |
| 000 | 01656nam 2200289 450 | |
| 001 | 90793 | |
| 005 | 20250816102959.54 | |
| 010 | @a978-7-03-080489-1@dCNY79.00 | |
| 099 | @aCAL 012025012475 | |
| 100 | @a20250228d2024 em y0chiy50 ea | |
| 101 | 0 | @achi |
| 102 | @aCN@b110000 | |
| 105 | @aak a 000yy | |
| 106 | @ar | |
| 200 | 1 | @a软件安全概论@Aruan jian an quan gai lun@f主编魏强 |
| 210 | @a北京@c科学出版社@d2024.12 | |
| 215 | @a10, 258页@c图@d26cm | |
| 225 | 2 | @a新一代信息技术 (网络空间安全) 高等教育丛书@Axin yi dai xin xi ji shu ( wang luo kong jian an quan ) gao deng jiao yu cong shu |
| 314 | @a魏强, 信息工程大学信息工程学院网络工程系 博士后, 教授。2017年7月至今, 国家重点研发计划, 软件与系统漏洞智慧挖掘方法及关键技术研究, 2017YFB0802901, 课题骨干。2、2012年10月-2017年10月, 国家863重点课题, ”软件漏洞xx技术研究”, 2012A012902, 课题组长 ; 2、2019年10月至今, 大学”荣誉课”建设, 逆向与xx课程建设, 课题负责人。已在核心刊物发表学术论文多篇。 | |
| 320 | @a有书目 (第256-258页) | |
| 330 | @a本书共分三部分: 第一部分 (第1、2章) 为软件安全基础, 介绍软件安全风险产生的原因和软件安全相关概念, 并介绍三类软件安全思维与五种软件安全技术方法 ; 第二部分 (第3-5章) 为软件安全威胁, 主要阐述三类主要威胁, 即软件漏洞、恶意代码和软件供应链安全。第三部分 (第6-9章) 为软件安全防护, 围绕软件安全的全生命周期重点讲解常用的软件安全开发模型、软件安全分析技术、软件安全测试技术以及软件保护技术。 | |
| 410 | 0 | @12001 @a新一代信息技术 (网络空间安全) 高等教育丛书 |
| 606 | 0 | @a软件开发@Aruan jian kai fa@x安全技术 |
| 690 | @aTP311.522@v5 | |
| 701 | 0 | @a魏强@Awei qiang@4主编 |
| 801 | 0 | @aCN@c20250909 |
| 905 | @a河南城建学院图书馆@dTP311.522@eW591@f1 | |
| 软件安全概论/主编魏强.-北京:科学出版社,2024.12 |
| 10, 258页:图;26cm.-(新一代信息技术 (网络空间安全) 高等教育丛书) |
| ISBN 978-7-03-080489-1:CNY79.00 |
| 本书共分三部分: 第一部分 (第1、2章) 为软件安全基础, 介绍软件安全风险产生的原因和软件安全相关概念, 并介绍三类软件安全思维与五种软件安全技术方法 ; 第二部分 (第3-5章) 为软件安全威胁, 主要阐述三类主要威胁, 即软件漏洞、恶意代码和软件供应链安全。第三部分 (第6-9章) 为软件安全防护, 围绕软件安全的全生命周期重点讲解常用的软件安全开发模型、软件安全分析技术、软件安全测试技术以及软件保护技术。 |
| ● |
| 相关链接 |
|
|
|
正题名:软件安全概论
索取号:TP311.522/W591
 
预约/预借
| 序号 | 登录号 | 条形码 | 馆藏地/架位号 | 状态 | 备注 |
| 1 | 1624755 | 216247559 | 自科库301/301自科库 51排4列4层/ [索取号:TP311.522/W591] | 在馆 |